| 000 | 00831cam a22002294i 4500 | ||
|---|---|---|---|
| 999 |
_c58407 _d58407 |
||
| 001 | 20766571 | ||
| 005 | 20221107165914.0 | ||
| 008 | 181204s2019 nyua b 001 0 eng | ||
| 020 | _a9781138088542 X | ||
| 041 | _aeng | ||
| 080 | _a372 L-46 | ||
| 100 | 1 |
_aLedford, Jennifer R. _913412 |
|
| 245 | 1 | 0 |
_aMethods for teaching in early education / _cJennifer Ledford, Justin D. Lane and Erin E. Barton. |
| 250 | _aFirst edition. | ||
| 264 | 1 |
_aNew York : _bRoutledge, _c2019. |
|
| 300 |
_a257 pages : _billustrations ; _c26 cm. |
||
| 653 | _aსკოლამდელი ბავშვების განათლება | ||
| 653 | _aპედაგოგიკა | ||
| 700 | 1 |
_aLane, Justin D. _d1982-, _eავტორი _913413 |
|
| 700 | 1 |
_aBarton, Erin Elizabeth _eავტორი _911943 |
|
| 942 |
_2udc _cBK |
||